Labour grievances and decisions (Record no. 80566)

MARC details
000 -LEADER
fixed length control field 00700nam a2200169 a 4500
008 - FIXED-LENGTH DATA ELEMENTS--GENERAL INFORMATION
fixed length control field 120416s1965 ||||||||||||||||| || u
050 ## - LIBRARY OF CONGRESS CALL NUMBER
Classification number HD 6490.G7 Sto
100 ## - MAIN ENTRY--PERSONAL NAME
Personal name Stone, Morris
245 10 - TITLE STATEMENT
Title Labour grievances and decisions
260 ## - PUBLICATION, DISTRIBUTION, ETC.
Place of publication, distribution, etc. New York
Name of publisher, distributor, etc. Harper and Row
Date of publication, distribution, etc. 1965
300 ## - PHYSICAL DESCRIPTION
Extent xxvi, 198p.
350 ## -
-- 0.00
650 ## - SUBJECT ADDED ENTRY--TOPICAL TERM
Topical term or geographic name entry element LABOUR
650 ## - SUBJECT ADDED ENTRY--TOPICAL TERM
Topical term or geographic name entry element LABOUR GRIEVANCES
995 ## -
-- MAIN LIBRARY OPEN ACCESS
-- 0.00
-- 106289
-- CBU-MAIN LIBRARY (Kitwe)
-- 1
-- 0.00
-- HD 6490.G7 Sto
-- 1
-- AVAILABLE
-- 004540
-- Main Library Open Access Collection
995 ## -
-- MAIN LIBRARY OPEN ACCESS
-- 0.00
-- 106284
-- CBU-MAIN LIBRARY (Kitwe)
-- 2
-- 0.00
-- HD 6490.G7 Sto
-- 2
-- AVAILABLE
-- 004541
-- Main Library Open Access Collection
999 ## -
-- 80566
-- 80566
Holdings
Withdrawn status Lost status Source of classification or shelving scheme Damaged status Not for loan Permanent Location Current Location Shelving location Date acquired Total Checkouts Full call number Barcode Date last seen Copy number Price effective from Koha item type
          CBU-MAIN LIBRARY, KITWE. CBU-MAIN LIBRARY, KITWE.   06/30/2023   HD 6490.G7 Sto 004540 06/30/2023 1 06/30/2023 MONOGRAPH
          CBU-MAIN LIBRARY, KITWE. CBU-MAIN LIBRARY, KITWE.   06/30/2023   HD 6490.G7 Sto 004541 06/30/2023 2 06/30/2023 MONOGRAPH